Music Quiz

Random Music or Bands Quiz
Score 0/24 Timer 03:00
1 Play Today
Artist 1 Overlapping Word % Correct
Simply...Red
98.8%
James...Taylor
98%
Beastie...Boys
97.8%
The Letter...Black
97.5%
Spice...Girls
96.6%
Rage Against the...Machine
95.7%
Cee Lo...Green
95.5%
Peter, Paul and...Mary
93.8%
Gipsy...Kings
93.4%
Amber...Run
91.8%
Great...White
91.7%
Grateful...Dead
91.1%
Artist 1 Overlapping Word % Correct
Matchbox...Twenty
89.8%
Sly & the Family...Stone
87.4%
Steely...Dan
82.9%
Third Eye...Blind
82.1%
Ugly Kid...Joe
79.9%
Crowded...House
78.7%
The Dave Clark...Five
74.6%
Fountains of...Wayne
65.2%
Simple...Plan
62.8%
Collective...Soul
62.1%
Owl...City
51.9%
Rise...Against
43.6%
Remove Ads.
Support Sporcle.
Get the best of Sporcle when you Go Orange. This ad-free experience offers more features, more stats, and more fun while also helping to support Sporcle. Thank you for becoming a member.

You're not logged in!

Compare scores with friends on all Sporcle quizzes.
OR
Log In

Show Comments

Extras

Top Quizzes Today


Score Distribution

Your Account Isn't Verified!

In order to create a playlist on Sporcle, you need to verify the email address you used during registration. Go to your Sporcle Settings to finish the process.

Report this User

Report this user for behavior that violates our Community Guidelines.

Details: